01405nam a2200373Ia 4500001001200000003000800012006001900020007001500039008004100054010001700095015001500112020001800127020002800145020001500173040002100188035002100209050002900230082001600259100002000275245010000295260003600395300002500431490004600456504005100502533015200553650002600705650002000731650004400751655002900795710001700824830004700841856012600888999001701014ebr10082046CaPaEBRm u cr cn|||||||||020620s2002 maua sb 001 0 eng d z 2002074697 aGBA2-W4292 z9781580538022 z1580533361 (alk. paper) z1580538029 aCaPaEBRcCaPaEBR a(OCoLC)55985856014aTK5103.4875b.H45 2002eb04a621.3842211 aHentschel, Tim.10aSample rate conversion in software configurable radiosh[electronic resource] /cTim Hentschel. aBoston :bArtech House,cc2002. axiii, 270 p. :bill.1 aArtech House mobile communications series aIncludes bibliographical references and index. aElectronic reproduction.bPalo Alto, Calif. :cebrary,d2009.nAvailable via World Wide Web.nAccess may be limited to ebrary affiliated libraries. 0aSampling (Statistics) 0aSoftware radio. 0aTelecommunicationxTrafficxManagement. 7aElectronic books.2local2 aebrary, Inc. 0aArtech House mobile communications series.40uhttp://site.ebrary.com/lib/rucke/Doc?id=10082046zAn electronic book accessible through the World Wide Web; click to view c55203d55203